[Event "245th Championchallenge"]
[Site "playchess.com "]
[Date "2008.04.05"]
[Round "1.2"]
[White "Vikramaditya, Sahu"]
[Black "Novoselski, Zoran"]
[Result "1-0"]
[WhiteElo "2403"]
[BlackElo "2528"]
[PlyCount "171"]
[EventDate "2008.04.05"]
[EventType "k.o. (blitz)"]
[EventCountry "GER"]

1. d4 g6 2. c4 Bg7 3. Nc3 c5 4. d5 e5 5. e4 d6 6. Be2 Ne7 7. f4 O-O 8. Nf3 Nd7
9. O-O f5 10. fxe5 Nxe5 11. Nxe5 Bxe5 12. Bg5 fxe4 13. Nxe4 Bf5 14. Bd3 Qd7 15.
Kh1 Bxe4 16. Bxe4 Nf5 17. Qc2 Nd4 18. Qd3 Qg4 19. Be7 Rxf1+ 20. Rxf1 Re8 21.
Bf3 Qf4 22. g3 Qf5 23. Qxf5 Nxf5 24. Bg5 b6 25. b3 Nd4 26. Bg4 Kg7 27. Bd7 Rf8
28. Bh6+ Kxh6 29. Rxf8 Ne2 30. Ra8 a5 31. Rb8 Nc1 32. Rxb6 Nxa2 33. Ra6 Nc1 34.
Ba4 Nd3 35. Rxa5 Kg5 36. Ra7 h5 37. Re7 h4 38. Kg2 hxg3 39. hxg3 Kf5 40. Bd7+
Ke4 41. Be8 Ne1+ 42. Kf2 Nd3+ 43. Kf1 Kd4 44. Bxg6 Nc1 45. g4 Nxb3 46. g5 Nd2+
47. Ke2 Nxc4 48. Bf7 Ne3 49. g6 Nf5 50. Ra7 c4 51. Be6 Ng7 52. Bf7 c3 53. Rc7
Ke4 54. Kd1 Kd3 55. Bg8 Nf5 56. Be6 Ng7 57. Bc8 Kd4 58. Bb7 Kd3 59. Ba6+ Kd4
60. Bc4 Nf5 61. Bb3 Ng7 62. Kc2 Ke4 63. Rf7 Nf5 64. Kc1 Ng7 65. Ba2 Kd4 66. Kc2
Ke4 67. Bc4 Kd4 68. Kb3 Ke4 69. Rf1 Ke3 70. Kc2 Kd4 71. Bb3 Nh5 72. Rd1+ Ke4
73. Re1+ Kd4 74. Kc1 Ng7 75. Kb1 Kd3 76. Bc2+ Kd4 77. Bb3 Kd3 78. Rxe5 dxe5 79.
d6 e4 80. d7 e3 81. d8=Q+ Ke2 82. Qe7 Nh5 83. Bc2 Kf2 84. Qf7+ Ke1 85. Qe6 Ng7
86. Qxe3+ 1-0

[Event "245th Championchallenge"]
[Site "playchess.com "]
[Date "2008.04.05"]
[Round "1.2"]
[White "Chkhaidze, Nikoloz"]
[Black "Vocaturo, Daniele"]
[Result "1-0"]
[WhiteElo "2450"]
[BlackElo "2698"]
[PlyCount "147"]
[EventDate "2008.04.05"]
[EventType "k.o. (blitz)"]
[EventCountry "GER"]

1. e4 c5 2. Nf3 d6 3. d4 cxd4 4. Nxd4 Nf6 5. Nc3 g6 6. Be3 Bg7 7. Be2 O-O 8.
Nb3 Nc6 9. O-O Be6 10. Nd4 Bd7 11. f4 Qb6 12. Qd3 Ng4 13. Bxg4 Bxg4 14. Nd5 Qd8
15. h3 Bd7 16. Kh1 Rc8 17. c3 e6 18. Nxc6 bxc6 19. Nb4 a5 20. Nc2 d5 21. Bc5
Re8 22. e5 Bf8 23. Bxf8 Kxf8 24. b4 c5 25. bxc5 Rxc5 26. Nd4 Qc7 27. Rfc1 Rc8
28. Nb3 Rc4 29. a4 Rxf4 30. Qa6 Qxe5 31. Qxa5 Rf2 32. Nc5 Be8 33. Nd3 Qg3 34.
Nxf2 Qxf2 35. Qb4+ Kg8 36. a5 Bc6 37. Qd4 Qg3 38. Re1 Ba8 39. a6 Rxc3 40. a7
Rc2 41. Rg1 e5 42. Qa4 d4 43. Qe8+ Kg7 44. Qxa8 d3 45. Qf3 Qh4 46. a8=Q Rf2 47.
Qxf2 Qxf2 48. Qf3 Qd4 49. Rgf1 f5 50. Qb7+ Kh6 51. Ra7 Kg5 52. Qe7+ Kh5 53.
Qxh7+ Kg5 54. Qe7+ Kh5 55. Qf6 Qe3 56. Rh7+ Qh6 57. Rxh6+ Kxh6 58. Qh4+ Kg7 59.
Qe7+ Kh6 60. Rd1 e4 61. Rxd3 exd3 62. Qe3+ g5 63. Qxd3 f4 64. g4 fxg3 65. Qf3
g2+ 66. Qxg2 g4 67. Qxg4 Kh7 68. Kg2 Kh6 69. Kg3 Kh7 70. Kf4 Kh6 71. Kf5 Kh7
72. Kf6 Kh6 73. Kf7 Kh7 74. Qg7# 1-0

[Event "245th Championchallenge"]
[Site "playchess.com "]
[Date "2008.04.05"]
[Round "1.3"]
[White "Jegorovas, Aleksandras"]
[Black "Livaja, B Mario"]
[Result "0-1"]
[WhiteElo "2300"]
[BlackElo "2385"]
[PlyCount "80"]
[EventDate "2008.04.05"]
[EventType "k.o. (blitz)"]
[EventCountry "GER"]

1. d4 Nf6 2. c4 c5 3. Nf3 g6 4. Nc3 Bg7 5. e4 O-O 6. Be2 d6 7. O-O Nc6 8. d5
Na5 9. h3 a6 10. a3 Nd7 11. Bd2 b6 12. b4 Nb7 13. Qb3 Ne5 14. Nxe5 Bxe5 15. Be3
Bd7 16. Rab1 Rb8 17. f4 Bg7 18. Na2 Qc8 19. Nc1 b5 20. cxb5 axb5 21. Qd1 Ra8
22. bxc5 Nxc5 23. Bxb5 Rxa3 24. Bxd7 Nxd7 25. Rb3 Ra1 26. Qd2 Nc5 27. Rb4 Qa6
28. Qe2 Qa3 29. Bxc5 dxc5 30. Rb3 Qa4 31. Rbf3 Bd4+ 32. Kh2 c4 33. f5 Be5+ 34.
Kh1 g5 35. f6 exf6 36. d6 h6 37. d7 Qxd7 38. Qxc4 Rc8 39. Qd3 Rcxc1 40. Qxd7
Rxf1+ 0-1

[Event "245th Championchallenge"]
[Site "playchess.com "]
[Date "2008.04.05"]
[Round "1.2"]
[White "Vladescu, Florin"]
[Black "Vovk, Yuri"]
[Result "0-1"]
[WhiteElo "2217"]
[BlackElo "2567"]
[PlyCount "154"]
[EventDate "2008.04.05"]
[EventType "k.o. (blitz)"]
[EventCountry "GER"]

1. d4 Nf6 2. Nf3 g6 3. c4 Bg7 4. Nc3 d6 5. e4 O-O 6. Be2 e5 7. O-O Nbd7 8. dxe5
dxe5 9. h3 c6 10. Qd6 Re8 11. Be3 Bf8 12. Qd3 Bc5 13. Rfd1 Qe7 14. Rac1 Bxe3
15. Qxe3 Kg7 16. a3 a5 17. Bf1 a4 18. Bd3 Nc5 19. Bc2 Nfd7 20. Ne1 Nb6 21. Nd3
Nxd3 22. Bxd3 Nd7 23. Bc2 Nc5 24. Rd2 Be6 25. Qe2 f6 26. Rcd1 Qf7 27. Qe3 Ra5
28. f4 Bxc4 29. fxe5 Rxe5 30. Qd4 Bb3 31. Qd8 Bxc2 32. Rxc2 Ra7 33. Qb6 Ra6 34.
Qb4 Qb3 35. Rcd2 Qxb4 36. axb4 Nxe4 37. Rd7+ Kh6 38. Nxe4 Rxe4 39. Rxb7 Re2 40.
h4 Ra8 41. Rdd7 Rh8 42. Ra7 Rxb2 43. Rxa4 Kh5 44. Rd6 Rb8 45. Rxc6 R8xb4 46.
Rxb4 Rxb4 47. Rxf6 Kxh4 48. Kh2 Kg5 49. Rf7 h5 50. Ra7 Kg4 51. Ra5 g5 52. Ra6
h4 53. Ra8 Rf4 54. Ra7 Kf5 55. Rf7+ Ke4 56. Ra7 g4 57. Ra4+ Kf5 58. Ra5+ Kg6
59. Ra6+ Kg5 60. Ra5+ Rf5 61. Ra8 Rb5 62. Rg8+ Kf4 63. Rf8+ Rf5 64. Rh8 Kg5 65.
Rg8+ Kf4 66. Rh8 Ra5 67. Rxh4 Ra1 68. g3+ Kf3 69. Rh8 Ra2+ 70. Kg1 Kxg3 71. Kf1
Rh2 72. Ra8 Rh1+ 73. Ke2 Kg2 74. Ra4 g3 75. Rg4 Ra1 76. Ke3 Ra3+ 77. Ke2 Ra2+
0-1

[Event "245th Championchallenge"]
[Site "playchess.com "]
[Date "2008.04.05"]
[Round "1.2"]
[White "Kantans, Toms"]
[Black "Raceanu, Valentin"]
[Result "1-0"]
[WhiteElo "2189"]
[BlackElo "2400"]
[PlyCount "69"]
[EventDate "2008.04.05"]
[EventType "k.o. (blitz)"]
[EventCountry "GER"]

1. Nf3 d5 2. c4 e6 3. g3 c6 4. Bg2 Nf6 5. b3 Nbd7 6. Bb2 Bd6 7. O-O O-O 8. d4
Qe7 9. Nbd2 a5 10. a3 b6 11. Qc2 Bb7 12. e4 dxe4 13. Nxe4 Nxe4 14. Qxe4 Rad8
15. Rfd1 Rfe8 16. Qe3 c5 17. dxc5 Nxc5 18. Nd4 Bxg2 19. Kxg2 Qb7+ 20. Kg1 Bf8
21. Nb5 a4 22. b4 Nb3 23. Rab1 Qc6 24. Qc3 f6 25. Nd4 Qc8 26. Nxb3 axb3 27.
Qxb3 e5 28. Rbc1 h5 29. c5+ Kh8 30. cxb6 Qb7 31. Qe3 Rc8 32. Qe2 g6 33. Qd3
Rxc1 34. Rxc1 Bh6 35. Qxg6 1-0

[Event "245th Championchallenge"]
[Site "playchess.com "]
[Date "2008.04.05"]
[Round "1.3"]
[White "Vocaturo, Daniele"]
[Black "Chkhaidze, Nikoloz"]
[Result "1-0"]
[WhiteElo "2450"]
[BlackElo "2367"]
[PlyCount "57"]
[EventDate "2008.04.05"]
[EventType "k.o. (blitz)"]
[EventCountry "GER"]

1. e4 c6 2. c4 d5 3. cxd5 cxd5 4. exd5 Nf6 5. Nc3 Nxd5 6. Nf3 Nc6 7. Bb5 e6 8.
O-O Be7 9. d4 O-O 10. Re1 Bd7 11. Bd3 Nf6 12. Ne5 Nb4 13. Bb1 Bc6 14. Bg5 h6
15. Bh4 Nbd5 16. Qd3 Re8 17. Qh3 Nf4 18. Qg3 Nxg2 19. Nxc6 bxc6 20. Qxg2 Qxd4
21. Bxf6 Bxf6 22. Qe4 Qd2 23. Bc2 Rab8 24. Bb3 Qxb2 25. Na4 Qxa1 26. Rxa1 Bxa1
27. Nc5 Rbc8 28. Bc2 Bf6 29. Nd7 1-0

[Event "245th Championchallenge"]
[Site "playchess.com "]
[Date "2008.04.05"]
[Round "1.3"]
[White "Novoselski, Zoran"]
[Black "Vikramaditya, Sahu"]
[Result "0-1"]
[WhiteElo "2505"]
[BlackElo "2426"]
[PlyCount "58"]
[EventDate "2008.04.05"]
[EventType "k.o. (blitz)"]
[EventCountry "GER"]

1. e4 e6 2. d4 d5 3. Nc3 Nf6 4. e5 Nfd7 5. f4 c5 6. Nf3 Nc6 7. Be3 Qb6 8. a3
Be7 9. Na4 Qa5+ 10. c3 cxd4 11. Nxd4 Nxd4 12. b4 Nf3+ 13. gxf3 Qc7 14. Bd4 Bh4+
15. Ke2 b6 16. Ke3 g5 17. Bb5 gxf4+ 18. Kxf4 Kd8 19. Qg1 f6 20. Bxd7 fxe5+ 21.
Ke3 exd4+ 22. cxd4 Bxd7 23. Rc1 Qd6 24. Qg4 Bf6 25. Nc3 Rf8 26. Qh5 h6 27. h4
Bg7 28. Rhg1 Qf4+ 29. Ke2 Bxd4 0-1

[Event "245th Championchallenge"]
[Site "playchess.com "]
[Date "2008.04.05"]
[Round "4.1"]
[White "Postny, Evgeny"]
[Black "Vovk, Yuri"]
[Result "1-0"]
[WhiteElo "2650"]
[BlackElo "2567"]
[PlyCount "117"]
[EventDate "2008.04.05"]
[EventType "k.o. (blitz)"]
[EventCountry "GER"]

1. d4 Nf6 2. Nf3 g6 3. Bg5 Bg7 4. Nbd2 O-O 5. e3 d5 6. Be2 c5 7. O-O Nc6 8. c3
Re8 9. dxc5 a5 10. a4 e5 11. Nb3 h6 12. Bh4 g5 13. Bg3 Ne4 14. Nfd2 Nxg3 15.
hxg3 f5 16. g4 f4 17. e4 d4 18. Nc4 Be6 19. Nd6 Re7 20. Bc4 Bxc4 21. Nxc4 dxc3
22. bxc3 Rd7 23. Qe2 Bf8 24. Rfd1 Rxd1+ 25. Rxd1 Qc7 26. Nb6 Rd8 27. Qc4+ Kg7
28. Rd5 h5 29. Qe2 h4 30. Qd3 Be7 31. Rxd8 Qxd8 32. Qd5 f3 33. gxf3 Qf8 34. Nd2
Qf4 35. Nbc4 Kf6 36. Ne3 h3 37. Qd7 Kf7 38. Qxb7 Qf6 39. Nf5 Kf8 40. Qc8+ Nd8
41. Nc4 Qe6 42. Qc7 Bf6 43. Qd6+ Kf7 44. Qxe6+ Nxe6 45. c6 Bd8 46. Nxe5+ Ke8
47. Nd3 Bb6 48. Kh2 Nd8 49. Nd4 Ke7 50. Kxh3 Kd6 51. Kg3 Nxc6 52. Nxc6 Kxc6 53.
f4 Bc7 54. Kf3 gxf4 55. Nxf4 Be5 56. Nd3 Bxc3 57. Kf4 Kd6 58. Kf5 Ke7 59. f4
1-0

[Event "245th Championchallenge"]
[Site "playchess.com "]
[Date "2008.04.05"]
[Round "4.2"]
[White "Vovk, Yuri"]
[Black "Postny, Evgeny"]
[Result "1/2-1/2"]
[WhiteElo "2567"]
[BlackElo "2650"]
[PlyCount "99"]
[EventDate "2008.04.05"]
[EventType "k.o. (blitz)"]
[EventCountry "GER"]

1. e4 c6 2. Nc3 d5 3. Nf3 Bg4 4. h3 Bxf3 5. Qxf3 e6 6. d3 Nf6 7. Bd2 Bc5 8. g4
h6 9. Bg2 Nbd7 10. Qg3 Qb8 11. f4 dxe4 12. dxe4 e5 13. O-O-O Bd6 14. f5 Qc7 15.
h4 O-O-O 16. Bf3 Nb6 17. g5 hxg5 18. hxg5 Nfd7 19. Be2 Bc5 20. g6 Rxh1 21. Rxh1
f6 22. Rh7 Nf8 23. Rh8 Qd7 24. Be1 Qd4 25. Kb1 Nc4 26. a3 Nd2+ 27. Bxd2 Qxd2
28. Bd3 Be3 29. Rg8 Bh6 30. Ka2 Nd7 31. Rxd8+ Kxd8 32. Qg1 Nb6 33. Qc5 Qe3 34.
Qf8+ Kc7 35. Qe7+ Kc8 36. a4 a5 37. Bc4 Qd4 38. Be6+ Kb8 39. Qa3 Ka7 40. Bb3
Bd2 41. Qe7 Bxc3 42. bxc3 Qxc3 43. Qxg7 Nc4 44. Bxc4 Qxc2+ 45. Ka3 Qxc4 46. Qf7
Qc3+ 47. Qb3 Qa1+ 48. Qa2 Qc3+ 49. Qb3 Qa1+ 50. Qa2 1/2-1/2

[Event "245th Championchallenge"]
[Site "playchess.com "]
[Date "2008.04.05"]
[Round "4.3"]
[White "Postny, Evgeny"]
[Black "Vovk, Yuri"]
[Result "1/2-1/2"]
[WhiteElo "2650"]
[BlackElo "2567"]
[PlyCount "109"]
[EventDate "2008.04.05"]
[EventType "k.o. (blitz)"]
[EventCountry "GER"]

1. Nf3 Nf6 2. c4 g6 3. g3 Bg7 4. Bg2 O-O 5. O-O d6 6. d4 Nbd7 7. b3 e5 8. Bb2
exd4 9. Nxd4 c6 10. Nc3 Re8 11. e4 a5 12. Qd2 Nc5 13. Rfe1 h5 14. h3 Kh7 15.
Rad1 Bh6 16. Qc2 Nfd7 17. Bc1 Bg7 18. Nf3 Qe7 19. Bg5 f6 20. Bf4 Ne5 21. Nd4
Ne6 22. Be3 h4 23. g4 Nxd4 24. Bxd4 Bh6 25. Ne2 a4 26. f4 axb3 27. axb3 Nf7 28.
Qc3 Bg7 29. g5 c5 30. Bxf6 Bxf6 31. gxf6 Qe6 32. Rd2 Bd7 33. Red1 Bc6 34. Re1
Bxe4 35. Ng3 hxg3 36. Rxe4 Qf5 37. Rd5 Qd7 38. Qxg3 Ra1+ 39. Kh2 Ra2 40. Rg5
Nxg5 41. Qh4+ Kg8 42. fxg5 d5 43. cxd5 Rxg2+ 44. Kxg2 Qxd5 45. f7+ Qxf7 46.
Rxe8+ Qxe8 47. Qc4+ Qf7 48. h4 Kg7 49. Qxc5 Qxb3 50. Qe5+ Kh7 51. Qe7+ Kg8 52.
Qe8+ Kh7 53. Qe7+ Kg8 54. Qe8+ Kh7 55. Qe7+ 1/2-1/2

[Event "245th Championchallenge"]
[Site "playchess.com "]
[Date "2008.04.05"]
[Round "4.4"]
[White "Vovk, Yuri"]
[Black "Postny, Evgeny"]
[Result "1/2-1/2"]
[WhiteElo "2567"]
[BlackElo "2650"]
[PlyCount "69"]
[EventDate "2008.04.05"]
[EventType "k.o. (blitz)"]
[EventCountry "GER"]

1. e4 e5 2. Nf3 Nc6 3. Bb5 Bc5 4. O-O Qf6 5. c3 Nge7 6. d3 d6 7. h3 O-O 8. Be3
Bxe3 9. fxe3 Qh6 10. Qe1 f5 11. Bxc6 bxc6 12. Nbd2 Be6 13. d4 fxe4 14. Nxe4 Qg6
15. Ng3 Bc4 16. Nh4 Rxf1+ 17. Nxf1 Qh6 18. dxe5 Bxf1 19. Kxf1 Nd5 20. Nf5 Rf8
21. e4 Rxf5+ 22. exf5 Ne3+ 23. Kg1 Nc2 24. Qc1 Nxa1 25. Qxa1 Qe3+ 26. Kh1 Qxe5
27. Qf1 Kf7 28. Qf3 Qe1+ 29. Kh2 Qe5+ 30. Kh1 Kf6 31. Qxc6 Qe1+ 32. Kh2 Qe5+
33. Kh1 Qe1+ 34. Kh2 Qe5+ 35. Kh1 1/2-1/2

[Event "244th Championchallenge"]
[Site "playchess.com "]
[Date "2008.03.29"]
[Round "2.1"]
[White "Moradiabadi, Elshan"]
[Black "Zude, Erik"]
[Result "1-0"]
[WhiteElo "2600"]
[BlackElo "2400"]
[PlyCount "81"]
[EventDate "2008.03.29"]
[EventType "k.o. (blitz)"]
[EventCountry "GER"]

1. d4 Nf6 2. Nf3 g6 3. Bf4 Bg7 4. e3 O-O 5. h3 d6 6. Bc4 c5 7. dxc5 Qa5+ 8.
Nbd2 Qxc5 9. c3 Ne4 10. O-O Nxd2 11. Nxd2 Nc6 12. e4 Be6 13. Bxe6 fxe6 14. Be3
Qb5 15. Qb3 Qxb3 16. axb3 a6 17. Nc4 b5 18. Nb6 Ra7 19. Nd5 exd5 20. Bxa7 Nxa7
21. Rxa6 Nc8 22. exd5 b4 23. Rc1 bxc3 24. bxc3 Bh6 25. Rc2 Kf7 26. Ra8 Nb6 27.
Rxf8+ Kxf8 28. c4 Ke8 29. Kf1 Kd7 30. Ke2 Bg7 31. Ra2 Nc8 32. Kd3 h5 33. b4 Kc7
34. c5 Be5 35. Kc4 h4 36. Ra3 Kb7 37. Rf3 Bf6 38. Rf4 Kc7 39. Rg4 g5 40. g3
hxg3 41. fxg3 1-0

[Event "244th Championchallenge"]
[Site "playchess.com "]
[Date "2008.03.29"]
[Round "2.1"]
[White "Amin, Bassem"]
[Black "Jovic, Stanoje"]
[Result "1/2-1/2"]
[WhiteElo "2550"]
[BlackElo "2587"]
[PlyCount "101"]
[EventDate "2008.03.29"]
[EventType "k.o. (blitz)"]
[EventCountry "GER"]

1. e4 c6 2. d3 d5 3. Nd2 g6 4. Ngf3 Bg4 5. h3 Bxf3 6. Qxf3 Bg7 7. g3 Nd7 8. Bg2
Ngf6 9. O-O O-O 10. Qe2 e5 11. b3 a5 12. a4 Qc7 13. Bb2 d4 14. Ba3 Rfe8 15. f4
b5 16. f5 Bf8 17. Bxf8 Rxf8 18. g4 g5 19. h4 h6 20. hxg5 hxg5 21. Nf3 Nh7 22.
Qd2 f6 23. Kf2 Kg7 24. Rh1 Rh8 25. Rh5 Nhf8 26. Rah1 Rxh5 27. Rxh5 Nh7 28. Qc1
Qd6 29. Qh1 Ndf8 30. Rh6 Qc5 31. Ne1 bxa4 32. bxa4 Rb8 33. Qh5 Qc3 34. Bf1 Qd2+
35. Be2 Qe3+ 36. Kf1 Rb1 37. Rxh7+ Nxh7 38. Qg6+ Kh8 39. Qe8+ Kg7 40. Qg6+ Kf8
41. Qxh7 Qg3 42. Qh8+ Kf7 43. Qh7+ Ke8 44. Qg8+ Kd7 45. Qf7+ Kc8 46. Qe8+ Kb7
47. Qd7+ Kb6 48. Qd8+ Kb7 49. Qd7+ Kb6 50. Qd8+ Kb7 51. Qd7+ 1/2-1/2

[Event "244th Championchallenge"]
[Site "playchess.com "]
[Date "2008.03.29"]
[Round "2.1"]
[White "Jegorovas, Aleksandras"]
[Black "Gutman, Lev"]
[Result "1/2-1/2"]
[WhiteElo "2300"]
[BlackElo "2551"]
[PlyCount "141"]
[EventDate "2008.03.29"]
[EventType "k.o. (blitz)"]
[EventCountry "GER"]

1. d4 Nf6 2. Nf3 g6 3. g3 Bg7 4. Bg2 O-O 5. O-O d5 6. Nc3 Na6 7. Be3 Bf5 8. Ne5
c6 9. Qd2 Qb6 10. Rab1 Rad8 11. a3 Qc7 12. Bh6 Ne4 13. Nxe4 dxe4 14. Bxg7 Kxg7
15. Nc4 c5 16. Ne3 Qc8 17. d5 Bh3 18. c4 Bxg2 19. Kxg2 Nc7 20. Qc3+ f6 21. f4
Ne8 22. f5 Nd6 23. g4 a6 24. a4 b5 25. axb5 axb5 26. b3 b4 27. Qb2 Qd7 28. Ra1
Ra8 29. fxg6 hxg6 30. h3 Rxa1 31. Rxa1 Kg8 32. Rf1 Rf7 33. Qa1 Rf8 34. Qa5 Qc8
35. Qa7 Rf7 36. Ra1 f5 37. Qa8 Qxa8 38. Rxa8+ Kg7 39. gxf5 gxf5 40. Ra5 f4 41.
Ng4 f3+ 42. exf3 Rxf3 43. Rxc5 Rxb3 44. Rc7 Kf8 45. c5 Nf5 46. Rb7 Rc3 47. c6
b3 48. c7 Kg7 49. Ne5 Ne3+ 50. Kf2 Nxd5 51. Rxb3 Rxc7 52. Rg3+ Kf6 53. Ng4+ Kf5
54. Ne3+ Nxe3 55. Rxe3 Rc2+ 56. Kg3 Rd2 57. Re1 Rd3+ 58. Kg2 Ke5 59. h4 Rd2+
60. Kg3 Kd4 61. h5 e3 62. h6 Rf2 63. h7 Rf8 64. Rh1 Rh8 65. Kf3 e2 66. Kxe2 Ke4
67. Rh4+ Kf5 68. Ke3 Kg6 69. Ke4 Rxh7 70. Rxh7 Kxh7 71. Kf5 1/2-1/2

[Event "244th Championchallenge"]
[Site "playchess.com "]
[Date "2008.03.29"]
[Round "2.2"]
[White "Gutman, Lev"]
[Black "Jegorovas, Aleksandras"]
[Result "0-1"]
[WhiteElo "2459"]
[BlackElo "2300"]
[PlyCount "48"]
[EventDate "2008.03.29"]
[EventType "k.o. (blitz)"]
[EventCountry "GER"]

1. Nf3 Nf6 2. g3 d5 3. Bg2 Bg4 4. O-O h5 5. h4 e6 6. d4 Bd6 7. c4 c6 8. Nc3
Nbd7 9. Bg5 Qc7 10. c5 Be7 11. Bf4 Qc8 12. b4 Ne4 13. Nxe4 dxe4 14. Nd2 Nf6 15.
Nxe4 Nxe4 16. Bxe4 g5 17. Bxg5 Bxg5 18. hxg5 h4 19. Qd3 Qc7 20. gxh4 O-O-O 21.
Qg3 f5 22. gxf6 Rdg8 23. Qxc7+ Kxc7 24. Kh2 Bf3 0-1

[Event "244th Championchallenge"]
[Site "playchess.com "]
[Date "2008.03.29"]
[Round "2.3"]
[White "Jegorovas, Aleksandras"]
[Black "Gutman, Lev"]
[Result "1/2-1/2"]
[WhiteElo "2300"]
[BlackElo "2550"]
[PlyCount "81"]
[EventDate "2008.03.29"]
[EventType "k.o. (blitz)"]
[EventCountry "GER"]

1. e4 d5 2. exd5 Qxd5 3. Nc3 Qd8 4. d4 g6 5. Nf3 Bg7 6. Bc4 Nh6 7. Bxh6 Bxh6 8.
Ne5 O-O 9. h4 Bg7 10. h5 Bxe5 11. dxe5 Qxd1+ 12. Rxd1 Nc6 13. hxg6 hxg6 14. f4
Bf5 15. Bb3 Rad8 16. Nd5 Be4 17. Nxc7 Rxd1+ 18. Kxd1 Bxg2 19. Rg1 Bf3+ 20. Ke1
e6 21. Kf2 Be4 22. Ke3 Bf5 23. Nb5 Kg7 24. Nd6 b6 25. Rd1 Rh8 26. Nxf5+ gxf5
27. Rd6 Rh3+ 28. Ke2 Rh2+ 29. Ke3 Nb4 30. c3 Nc2+ 31. Bxc2 Rxc2 32. Rd2 Rxd2
33. Kxd2 f6 34. Ke3 fxe5 35. fxe5 Kf7 36. Kf4 Ke7 37. c4 Kd7 38. b4 Kc6 39. a3
a5 40. Ke3 axb4 41. axb4 1/2-1/2

[Event "244th Championchallenge"]
[Site "playchess.com "]
[Date "2008.03.29"]
[Round "2.3"]
[White "Amin, Bassem"]
[Black "Jovic, Stanoje"]
[Result "1/2-1/2"]
[WhiteElo "2550"]
[BlackElo "2623"]
[PlyCount "131"]
[EventDate "2008.03.29"]
[EventType "k.o. (blitz)"]
[EventCountry "GER"]

1. e4 c6 2. d3 d5 3. Nd2 g6 4. g3 Bg7 5. Bg2 Nf6 6. Ngf3 Bg4 7. O-O Nbd7 8. h3
Bxf3 9. Qxf3 O-O 10. Qe2 e5 11. b3 Qc7 12. Bb2 a5 13. a4 Rfe8 14. Rae1 d4 15.
f4 Nh5 16. Qf2 b5 17. fxe5 Nxe5 18. Bxd4 c5 19. Ba1 c4 20. d4 c3 21. dxe5 cxd2
22. Rd1 bxa4 23. bxa4 Bxe5 24. Bxe5 Qxe5 25. g4 Ng3 26. Qxf7+ Kh8 27. Qf6+ Qxf6
28. Rxf6 Rad8 29. Rf2 Nxe4 30. Re2 Nc3 31. Rxe8+ Rxe8 32. Rxd2 Nxa4 33. Bc6
Re1+ 34. Kf2 Ra1 35. Rd7 Nc5 36. Ra7 g5 37. Bd5 h6 38. Ke3 Rd1 39. c4 Rd3+ 40.
Ke2 Ra3 41. Rc7 Nd3 42. Kd2 Nf4 43. Be4 a4 44. c5 Ne6 45. Rc6 Nd4 46. Rxh6+ Kg7
47. Rg6+ Kf7 48. Rxg5 Rxh3 49. c6 Rh8 50. Rd5 Ne6 51. Rd7+ Kf6 52. Bf5 Nc5 53.
c7 a3 54. Rd8 a2 55. c8=Q a1=Q 56. Rxh8 Qd4+ 57. Ke2 Qe5+ 58. Kf3 Qc3+ 59. Kg2
Qd2+ 60. Kg3 Qe3+ 61. Kh4 Qf2+ 62. Kh3 Qf3+ 63. Kh2 Qf2+ 64. Kh3 Qf3+ 65. Kh2
Qf2+ 66. Kh3 1/2-1/2

[Event "244th Championchallenge"]
[Site "playchess.com "]
[Date "2008.03.29"]
[Round "2.4"]
[White "Jovic, Stanoje"]
[Black "Amin, Bassem"]
[Result "0-1"]
[WhiteElo "2300"]
[BlackElo "2550"]
[PlyCount "104"]
[EventDate "2008.03.29"]
[EventType "k.o. (blitz)"]
[EventCountry "GER"]

1. c4 e5 2. Nc3 Nf6 3. Nf3 d6 4. d4 Nbd7 5. e4 g6 6. h3 Bg7 7. Be3 O-O 8. Qd2
Re8 9. d5 a5 10. g4 Nc5 11. Bd3 Rf8 12. Ke2 Ne8 13. Rag1 Kh8 14. h4 f5 15. gxf5
Nxd3 16. Qxd3 gxf5 17. Bg5 Nf6 18. h5 h6 19. Bh4 Qe8 20. Bxf6 Rxf6 21. Nh4
Qxh5+ 22. f3 Qf7 23. exf5 Bxf5 24. Nxf5 Rxf5 25. Ne4 Rf8 26. Rh3 Rh5 27. Rhg3
Rh2+ 28. Kd1 Bf6 29. Qe3 Bd8 30. R1g2 Rh1+ 31. Ke2 Rh4 32. Rg6 Kh7 33. Qg1
Qxf3+ 34. Kd2 Qf4+ 35. Kd1 Qf3+ 36. Kc1 Bg5+ 37. R6xg5 Qf4+ 38. Kd1 hxg5 39.
Nxg5+ Kh6 40. Ne6 Qf3+ 41. Re2 Rh1 42. Qxh1+ Qxh1+ 43. Kd2 Rf1 44. Ke3 Rd1 45.
Rf2 Qh3+ 46. Rf3 Rd3+ 47. Kxd3 Qxf3+ 48. Kd2 e4 49. Nd4 Qf2+ 50. Ne2 Qf3 51. c5
Qd3+ 52. Ke1 e3 0-1

[Event "244th Championchallenge"]
[Site "playchess.com "]
[Date "2008.03.29"]
[Round "4.1"]
[White "Zhigalko, Sergei"]
[Black "Moradiabadi, Elshan"]
[Result "1-0"]
[WhiteElo "2600"]
[BlackElo "2600"]
[PlyCount "53"]
[EventDate "2008.03.29"]
[EventType "k.o. (blitz)"]
[EventCountry "GER"]

1. e4 e5 2. Nf3 Nc6 3. Bb5 a6 4. Ba4 Nf6 5. O-O Be7 6. Re1 b5 7. Bb3 O-O 8. h3
Bb7 9. d3 Re8 10. Nc3 h6 11. Nd5 Na5 12. Bd2 Nxb3 13. Nxe7+ Rxe7 14. axb3 d5
15. Bb4 Re8 16. Nd2 dxe4 17. Nxe4 Nxe4 18. dxe4 Qh4 19. Qf3 Rad8 20. Bc3 Rd6
21. Qg4 Qe7 22. Rad1 Rxd1 23. Rxd1 Bc6 24. b4 f6 25. f3 Rd8 26. Rxd8+ Qxd8 27.
Qe6+ 1-0

[Event "244th Championchallenge"]
[Site "playchess.com "]
[Date "2008.03.29"]
[Round "4.2"]
[White "Moradiabadi, Elshan"]
[Black "Zhigalko, Sergei"]
[Result "0-1"]
[WhiteElo "2560"]
[BlackElo "2630"]
[PlyCount "106"]
[EventDate "2008.03.29"]
[EventType "k.o. (blitz)"]
[EventCountry "GER"]

1. d4 Nf6 2. Nf3 e6 3. Bg5 h6 4. Bh4 b6 5. e3 Bb7 6. Bd3 d6 7. Nbd2 Nbd7 8. c3
Be7 9. O-O O-O 10. Re1 Re8 11. e4 Nh5 12. Bg3 Nxg3 13. hxg3 c5 14. Qe2 Qc7 15.
g4 Rad8 16. Nf1 Nf8 17. Ng3 Ng6 18. Nh5 e5 19. d5 Bc8 20. Nh2 Bg5 21. g3 Nh8
22. f4 Be7 23. f5 g6 24. f6 Bf8 25. g5 hxg5 26. Rf1 Qd7 27. Bb5 Qh3 28. Bxe8
Rxe8 29. Ng7 Bxg7 30. fxg7 Qxg3+ 31. Kh1 Kxg7 32. Rg1 Qh4 33. Rae1 a6 34. Rg2
f6 35. Kg1 Bh3 36. Rf2 Nf7 37. Qf3 f5 38. exf5 gxf5 39. Re3 f4 40. Qxh3 fxe3
41. Qxe3 Rh8 42. Qd3 Qh5 43. Qf5 Qg6 44. Qd7 Rh4 45. Ng4 Qh5 46. Nh2 Rf4 47.
Rxf4 gxf4 48. Ng4 Qg6 49. Kf2 e4 50. Qe6 e3+ 51. Kf3 Ng5+ 52. Kxf4 Nxe6+ 53.
dxe6 e2 0-1

[Event "251th Championchallenge"]
[Site "playchess.com "]
[Date "2008.05.17"]
[Round "2.2"]
[White "Orzech, Dominik"]
[Black "Popovic, Dusan"]
[Result "0-1"]
[WhiteElo "2400"]
[BlackElo "2564"]
[PlyCount "56"]
[EventDate "2008.05.17"]
[EventType "k.o. (blitz)"]
[EventCountry "GER"]

1. d4 Nf6 2. c4 g6 3. Nf3 Bg7 4. Nc3 O-O 5. Bg5 d6 6. e3 h6 7. Bh4 Nc6 8. Be2
g5 9. Bg3 Bf5 10. O-O Ne4 11. Nxe4 Bxe4 12. Qb3 f5 13. Nd2 Na5 14. Qc3 c5 15.
Nxe4 fxe4 16. Qc2 cxd4 17. Qxe4 Nc6 18. Bd3 Rf7 19. f4 Bf6 20. fxg5 hxg5 21.
exd4 Qb6 22. c5 Qxb2 23. Qg6+ Rg7 24. Bc4+ Kh8 25. Qh6+ Rh7 26. Rxf6 Qxa1+ 27.
Rf1 Qxf1+ 28. Bxf1 Rxh6 0-1

[Event "251th Championchallenge"]
[Site "playchess.com "]
[Date "2008.05.17"]
[Round "3.1"]
[White "Andreikin, Dmitry"]
[Black "Plaskett, Jim"]
[Result "1-0"]
[WhiteElo "2603"]
[BlackElo "2500"]
[PlyCount "53"]
[EventDate "2008.05.17"]
[EventType "k.o. (blitz)"]
[EventCountry "GER"]

1. e4 c5 2. Nf3 d6 3. d4 cxd4 4. Nxd4 e6 5. Nc3 a6 6. Be3 b5 7. Bd3 Bb7 8. O-O
Nd7 9. f4 Ngf6 10. a3 g6 11. Nf3 Qc7 12. Qd2 Bg7 13. Rae1 Ng4 14. Bxb5 axb5 15.
Nxb5 Qc6 16. Nxd6+ Ke7 17. Rd1 Ba6 18. Qb4 Rhb8 19. Nf5+ Kd8 20. Qe7+ Kc7 21.
Nxg7 Nxe3 22. Ne5 Qxe4 23. Qxd7+ Kb6 24. Rd6+ Ka5 25. b4+ Rxb4 26. axb4+ Kxb4
27. Rd4+ 1-0